000 00750cam a2200181ua 4500
041 _aeng
_h
082 _a924.2
_bBOS/CO
100 _aBoswell, James .
110 1 _a .
_b
_c()
245 _aConcise Boswell: The life of Samuel Johnson /
_cJames Boswell.
_hTextual Documents
260 _aLondon :
_bBlackie & Son Ltd.
300 _a259 ; .
440 0 _aThe Minister English Texts,
_v
_x;
490 0 _aThe Minister English Texts,
_v
_x;
504 _a
942 _cBK
999 _c6099
_d6099